| 000 | 00671nam a2200241 a 4500 | ||
|---|---|---|---|
| 005 | 20240411063703.0 | ||
| 008 | 020219s1995 r 000 0 eng d | ||
| 020 | _a9681851390 | ||
| 035 | _aUPN01000116271 | ||
| 049 | _aCG | ||
| 050 | 4 |
_aQA76.575 _bK3.28 |
|
| 100 | 1 | _aKaufmann, Wolfgang. | |
| 245 | 1 | 0 |
_aConozca a multimedia / _cWolfgang Kaufmann, Jens Mühlner. |
| 260 |
_aMéxico : _bLimusa, _bMegabyte, _cc1995. |
||
| 300 |
_a184 p. : _bfigs. |
||
| 440 | 0 | _aConozca a | |
| 500 | _a"Area : computación / Multimedia" | ||
| 650 | 2 |
_aSistemas multimedia _918211 |
|
| 700 | 1 |
_aMühlner, Jens, _ecoaut. |
|
| 901 | _a189673 | ||
| 902 | _aMMA/cps | ||
| 905 | _aLibro | ||
| 999 |
_c89022 _d89022 |
||